000 00558nam a2200157 a 4500
008 120416s1964 ||||||||||||||||| || u
050 _aGV 837 Jar
100 _aJarvis, Margaret A
245 1 0 _aYour book of survival swimming and lifesaving
260 _aLondon
_bFaber and Faber
_c1964
300 _a101p. : ill.
350 _a0.00
650 _aSPORTS
650 _aSWIMMING--SURVIVAL TECHNIQUES
995 _D0.00
_FCBU-MAIN LIBRARY (Kitwe)
_H1
_I4.95
_M1
_UAVAILABLE
_ZMain Library Open Access Collection
999 _c62290
_d62290